Công trình trên đất yếu

محفوظ في:
التفاصيل البيبلوغرافية
المؤلف الرئيسي: Trần, Quang Hộ
التنسيق: كتاب
اللغة:Undetermined
منشور في: TP.HCM Đại học Quốc gia TP.HCM 2009
الموضوعات:
الوصول للمادة أونلاين:http://lrc.tdmu.edu.vn/opac/search/detail.asp?aID=2&ID=3573
الوسوم: إضافة وسم
لا توجد وسوم, كن أول من يضع وسما على هذه التسجيلة!
Thư viện lưu trữ: Trung tâm Học liệu Trường Đại học Thủ Dầu Một
LEADER 00631nam a2200193Ia 4500
001 TDMU_3573
008 210410s9999 xx 000 0 und d
082 |a 624.1 
090 |b T685 
100 |a Trần, Quang Hộ 
245 0 |a Công trình trên đất yếu 
245 0 |c Trần Quang Hộ 
260 |a TP.HCM 
260 |b Đại học Quốc gia TP.HCM 
260 |c 2009 
300 |a 427tr. 
650 |a Đất xây dựng; Địa chất công trình 
856 |u http://lrc.tdmu.edu.vn/opac/search/detail.asp?aID=2&ID=3573 
980 |a Trung tâm Học liệu Trường Đại học Thủ Dầu Một